书目信息 |
| 题名: |
线性代数解题方法
|
|
| 作者: | 刘金山 , 无明芬 编著 | |
| 分册: | ||
| 出版信息: | 广州 华南理工大学出版社 2000.06 |
|
| 页数: | 301页 | |
| 开本: | 20cm | |
| 丛书名: | ||
| 单 册: | ||
| 中图分类: | O151.2-44 | |
| 科图分类: | ||
| 主题词: | 代数 , 数论 , 组合数学 | |
| 电子资源: | ||
| ISBN: | 7-5623-1532-9 | |
| 000 | 00675nam0 2200229 45 | |
| 001 | 8054835651 | |
| 005 | 1980010415135525 | |
| 010 | @a7-5623-1532-9@dRMB 14.00 | |
| 100 | @a19800104d2000 km y0chiy0120 ea | |
| 101 | 0 | @achi |
| 102 | @aCN@b440000 | |
| 200 | 1 | @a线性代数解题方法@AXian Xing Dai Shu Jie Ti Fang Fa@f刘金山,无明芬编著@Fliu jin shan,wu ming fen bian zhu |
| 210 | @a广州@c华南理工大学出版社@d2000.06 | |
| 215 | @a301页@d20cm | |
| 606 | 0 | @a代数 |
| 606 | 0 | @a数论 |
| 606 | 0 | @a组合数学 |
| 690 | @aO151.2-44@v3 | |
| 701 | 0 | @a刘金山@Aliu jin shan@4编著 |
| 701 | 0 | @a无明芬@Awu ming fen@4编著 |
| 801 | 0 | @aCN@bPFT@c19800104 |
| 905 | @a安徽大学@dO151.2-44@eL630 | |
| 线性代数解题方法/刘金山,无明芬编著.-广州:华南理工大学出版社,2000.06 |
| 301页;20cm |
| ISBN 7-5623-1532-9:RMB 14.00 |
| ● |
| 相关链接 |
|
|
|
正题名:线性代数解题方法
索取号:O151.2-44/L630
 
预约/预借
| 序号 | 登录号 | 条形码 | 馆藏地/架位号 | 状态 | 备注 |
| 1 | 364327 | 203643272 | 自科库401/401自科库 72排1列2层/ [索取号:O151.2-44/L630] | 在馆 | |
| 2 | 364328 | 203643281 | 自科库401/401自科库 72排1列2层/ [索取号:O151.2-44/L630] | 在馆 |